| 000 | 00857nam a2200253Ia 4500 | ||
|---|---|---|---|
| 003 | GCL | ||
| 008 | 140319s9999 xx 000 0 ara d | ||
| 040 |
_aGCL / _cGCL |
||
| 082 | 0 | 4 |
_aق _b953.0738 _bع م |
| 100 | 1 | _aعبدالمنعم سلطان | |
| 245 | 1 | 0 |
_aالمجتمع المصرى فى العصر الفاطمى : _bدراسة تاريخية وثائقية / _cعبدالمنعم سلطان |
| 260 |
_aالقاهرة : _bدار المعارف ، _c1985 |
||
| 300 |
_a271 ص ؛ _c24 سم |
||
| 490 | _a | ||
| 650 | 0 | 4 | _aمصر |
| 650 | 0 | 4 | _aتاريخ |
| 650 | 0 | 4 | _aالاحوال الاجتماعية |
| 650 | 0 | 4 | _aالدولة الفاطمية |
| 650 | 0 | 4 | _aالتجارة |
| 650 | 0 | 4 | _aالاعياد الدينية الاسلامية |
| 650 | 0 | 4 | _aالاحتفالات العامة |
| 650 | 0 | 4 | _aالصناعة |
| 942 |
_2ddc _cBK |
||
| 999 |
_c52413 _d52413 |
||